00313nam a2200121Ia 4500008004100000041000800041082001500049100001700064245004500081260002600126300003000152365000900182240624s9999 xx 000 0 und d aeng a300.72 PAR aPARIS DJANGO aHUMANIZING RESEARCH DECOLONIZING QUALITA c2014aNew DelhibSage axxiii, : 277,: : 22 : cm. cb38